Doing business in 2006 creating jobs

Saved in:
Bibliographic Details
Corporate Author: International Finance Corporation
Format: Book
Language:English
Published: Washington, D.C. <The> World Bank 2006
Subjects:
Tags: Add Tag
No Tags, Be the first to tag this record!

MARC

LEADER 00000nam$a2200000$$$4500
001 0040331
005 20240315115205.8
020 |a 0-8213-5749-2 
022 |a 1729-2638 
041 0 |a eng 
044 |a US 
245 1 0 |a Doing business in 2006  |b creating jobs 
264 1 |a Washington, D.C.  |b <The> World Bank  |c 2006 
300 |a 188 s. 
610 2 0 |a podnikanie 
610 2 0 |a obchod 
610 2 0 |a ukazovatele ekonomické 
610 2 0 |a porovnanie medzinárodné 
610 2 0 |a licencie 
610 2 0 |a robotníci 
610 2 0 |a prenájom 
610 2 0 |a vlastníctvo 
610 2 0 |a úver 
610 2 0 |a investori 
610 2 0 |a dane 
610 2 0 |a obchod zahraničný 
610 2 0 |a dohody 
610 2 0 |a miesta pracovné 
610 2 0 |a reformy 
610 2 0 |a svet 
610 2 0 |a 2006 
710 2 |a International Finance Corporation